000 00323nam a2200133Ia 4500
100 _aGeary/A & Lowry/ H.V/ Hayden/H.A
942 _cBK
654 _aMaths
245 _aMathematics For Technical Students Part I
260 _bEnglish language book society
_c2001
082 _a510
_bGEA
546 _aENGLISH
999 _c19822
_d19822